5HLuxD.jpg

KING HENRY VIII SENIOR AND PRIMARY SCHOOL LIBRARY OPAC

Tuesday / (Record no. 1551)

000 -LEADER
fixed length control field 00890cam a2200277 a 4500
001 - CONTROL NUMBER
control field .b16405237
003 - CONTROL NUMBER IDENTIFIER
control field OCoLC
005 - DATE AND TIME OF LATEST TRANSACTION
control field 20230112101428.0
008 - FIXED-LENGTH DATA ELEMENTS--GENERAL INFORMATION
fixed length control field 900515s1991 nyua j 000 1 eng
010 ## - LIBRARY OF CONGRESS CONTROL NUMBER
LC control number 90039358
020 ## - INTERNATIONAL STANDARD BOOK NUMBER
International Standard Book Number 9780395870822
035 ## - SYSTEM CONTROL NUMBER
System control number (OCoLC)21970322
040 ## - CATALOGING SOURCE
Original cataloging agency DLC
Transcribing agency DLC
Modifying agency BAKER
-- BTCTA
-- YDXCP
-- OQP
-- STJ
-- OCLCQ
-- AU@
-- IG#
-- IAD
-- CS1
-- KH8
042 ## - AUTHENTICATION CODE
Authentication code nbic
082 00 - DEWEY DECIMAL CLASSIFICATION NUMBER
Classification number 823.914 WIE
Edition number 21
100 1# - MAIN ENTRY--PERSONAL NAME
Personal name Wiesner, David.
Relator term author
245 10 - TITLE STATEMENT
Title Tuesday /
Statement of responsibility, etc. David Wiesner.
260 ## - PUBLICATION, DISTRIBUTION, ETC.
Place of publication, distribution, etc. New York :
Name of publisher, distributor, etc. Clarion Books,
Date of publication, distribution, etc. c1991.
300 ## - PHYSICAL DESCRIPTION
Extent 1 v. :
Other physical details col. ill. ;
Dimensions 24 x 28 cm.
520 ## - SUMMARY, ETC.
Summary, etc. Frogs rise on their lily pads, float through the air, and explore the nearby houses while their inhabitants sleep.
586 ## - AWARDS NOTE
Awards note Caldecott Medal, 1992.
650 #1 - SUBJECT ADDED ENTRY--TOPICAL TERM
Topical term or geographic name entry element Frogs
Form subdivision Fiction.
650 #0 - SUBJECT ADDED ENTRY--TOPICAL TERM
Topical term or geographic name entry element Frogs
Form subdivision Fiction.
655 #0 - INDEX TERM--GENRE/FORM
Genre/form data or focus term Picture books for children.
942 ## - ADDED ENTRY ELEMENTS (KOHA)
Source of classification or shelving scheme
Koha item type Books - Non Ficton
Holdings
Withdrawn status Lost status Source of classification or shelving scheme Damaged status Not for loan Collection code Permanent Location Current Location Shelving location Date acquired Total Checkouts Total Renewals Full call number Barcode Date last seen Date last checked out Price effective from Koha item type
          Non-Fiction KH8 Primary School Library KH8 Primary School Library Fiction 2023-01-12 30 1 823.914 WIE KHPL000003312 2026-02-03 2026-01-27 2023-01-12 Books - Non Ficton

Powered By KH8 IT Dept